=LDR 00000nam 2200000 4500 =001 INLIS000000000030316 =005 20130612132454 =008 ***********************************Indoesia** =035 ##$$0010-061300000030316 =041 ##$$a Indoesia =082 ##$$a 320.5p =090 ##$$a 320.5p, Jam =100 ##$$a Jamal,D =245 ##$$a Pokok-pokok Bahasan Pancasila, D.Djamal =260 ##$$a 1986 $b Bandung =300 ##$$a ix,227 hlm., 21 cm =650 ##$$a Pancasila =850 ##$$a NBPNMAT